000 00423nam a22001817a 4500
003 MPLRDC
005 20220104114127.0
008 210129b ||||| |||| 00| 0 eng d
020 _a7-5321-0511-3
082 _a782.891 BX-2
100 _a卓如
245 _a冰心传
_c
250 _a一版二刷
260 _a
_b上海文艺出版社
_c1992
300 _b
650 _a冰心传记
942 _cBK
_o782.891 BX-2
999 _c5024
_d5014